| 000 | 00977nam a22002537a 4500 | ||
|---|---|---|---|
| 003 | URS | ||
| 005 | 20230302133145.0 | ||
| 008 | 230302b |||||||| |||| 00| 0 eng d | ||
| 043 | _aURS | ||
| 100 |
_94099 _aComyta Nicole Del Pilar _eAuthor |
||
| 245 |
_aSales and Inventory System for Pharmacy _cComyta Nicole Del Pilar, Ivan Miguel R. Cuyong, Richard L. Matic, John Ahlmer M .Adarayan, Gino Antonio A. Valencia |
||
| 260 | _c2021 | ||
| 300 |
_axi, 70 leaves; _c28 cm. |
||
| 336 |
_2rdacontent _atext |
||
| 337 |
_2rdamedia _aunmediated |
||
| 338 |
_2rdacarrier _avolume |
||
| 502 |
_aUndergraduate Thesis _bBachelor of Science in Information System _cUniversity of Rizal System, Binangonan _d2021 |
||
| 700 |
_94100 _aIvan Miguel R. Cuyong _eAuthor |
||
| 700 |
_94101 _aRichard L. Matic _eAuthor |
||
| 700 |
_94102 _aJohn Ahlmer M .Adarayan _eAuthor |
||
| 700 |
_94103 _aGino Antonio A. Valencia _eAuthor |
||
| 700 |
_92311 _aDe Jesus, Ernan P. MSIT _eadviser |
||
| 942 |
_2lcc _cT |
||
| 999 |
_c68368 _d68368 |
||